OS Map Symbols - Statistics

General Stats
  • This quiz has been taken 68 times
  • The average score is 12 of 20
Answer Stats
Picture Answer % Correct
Parking
90%
School
90%
Campsite
79%
Post Office
79%
Viewpoint
79%
Picnic Area
77%
Site of Battle
77%
Fishing
72%
Lighthouse
69%
Museum
69%
Golf Course
64%
Bus Station
62%
Church
54%
Railway Station
51%
Information Point
41%
Theme Park
38%
Quarry
36%
Garden
31%
Horse Riding
23%
Bicycle Hire
15%
No matching quizzes found
Score Distribution
Percent of People with Each Score
Percentile by Number Answered
Your Score History
You have not taken this quiz